Gaming Quiz

Random Gaming or Pokémon Quiz

One Syllable Pokémon Moves Quiz Stats

 Plays Quiz not verified by Sporcle

Challenge
Share
Tweet
Embed
Score 0/70 Timer 09:00
0 Plays Today
Move % Correct
Fly
81.5%
Surf
77.4%
Cut
74.5%
Bite
72.3%
Growl
71.6%
Scratch
64.4%
Flash
63.7%
Dig
63.3%
Leer
62.8%
Slash
61.5%
Strength
60.4%
Crunch
58%
Pound
55.7%
Splash
52%
Slam
50.9%
Rest
50.6%
Dive
50.3%
Roar
49.8%
Lick
48.7%
Sing
48.6%
Bide
47%
Bind
46.9%
Peck
46.1%
Wrap
45.7%
Glare
42.9%
Gust
42.5%
Howl
41.2%
Rage
41.1%
Spore
40.1%
Bounce
39.3%
Screech
39.3%
Snore
38.5%
Mist
37.1%
Haze
35.4%
Stomp
33.4%
Move % Correct
Curse
33.2%
Swift
32.9%
Yawn
32.9%
Hail
32.8%
Spark
32.8%
Smog
32.7%
Charge
32.3%
Growth
31.8%
Sludge
31.8%
Charm
30.9%
Thrash
29.8%
Thief
28.9%
Taunt
28.6%
Fling
27.1%
Trick
26.6%
Clamp
26.4%
Roost
26.4%
Scald
26.4%
Flail
25.9%
Spite
25.4%
Brine
24.7%
Spikes
24.7%
Snatch
23.9%
Snarl
23.4%
Wish
22.4%
Block
22.3%
Feint
21.9%
Sketch
21.8%
Pluck
21%
Round
21%
Quash
20.8%
Soak
20.3%
Hex
18.6%
Coil
17%
Grudge
15.3%

You're not logged in!

Compare scores with friends on all Sporcle quizzes.
OR
Log In

You Might Also Like...

Show Comments

Extras

Top Quizzes Today


Score Distribution

Your Account Isn't Verified!

In order to create a playlist on Sporcle, you need to verify the email address you used during registration. Go to your Sporcle Settings to finish the process.

Report this User

Report this user for behavior that violates our Community Guidelines.

Details: